000 00392 a2200169 4500
001 73322
020 _a8526232452
040 _cAnchieta - Colégio São Paulo
100 _aFernandez, Vicente Paz
240 1 0 _aMatemática para o 2º grau
_lpor
245 1 0 _aMatemática para o 2º grau
300 _a477
362 0 _a1997
440 1 _aScipione
650 4 _aMatemática
942 _cBK
999 _c73322
_d73322